Teleinformática (Registro nro. 632)
[ vista simple ]
| 000 -LEADER | |
|---|---|
| fixed length control field | 01176 a2200241 4500 |
| 001 - CONTROL NUMBER | |
| control field | 15184 |
| 005 - DATE AND TIME OF LATEST TRANSACTION | |
| control field | 20260407155449.0 |
| 008 - FIXED-LENGTH DATA ELEMENTS--GENERAL INFORMATION | |
| fixed length control field | 260407a1988 arg spa d |
| 003 - CONTROL NUMBER IDENTIFIER | |
| control field | AR-UNSa-BCEJYS |
| 040 ## - CATALOGING SOURCE | |
| Original cataloging agency | AR-UNSa-BCEJYS |
| Language of cataloging | spa |
| Transcribing agency | AR-UNSa-BCEJYS |
| 080 ## - UNIVERSAL DECIMAL CLASSIFICATION NUMBER | |
| Universal Decimal Classification number | 654 |
| Common auxiliary subdivision | Telecomunicación y telecontrol (organización y servicios) |
| 020 ## - INTERNATIONAL STANDARD BOOK NUMBER | |
| International Standard Book Number | 84-283-1499-3 |
| 100 1# - MAIN ENTRY--PERSONAL NAME | |
| Personal name | Galan Pascual, Carlos |
| 245 10 - TITLE STATEMENT | |
| Title | Teleinformática |
| Name of part/section of a work | introducción, panoramica y perspectivas |
| 250 ## - EDITION STATEMENT | |
| Edition statement | 2a. ed. |
| 264 #1 - PRODUCTION, PUBLICATION, DISTRIBUTION, MANUFACTURE, AND COPYRIGHT NOTICE | |
| Place of production, publication, distribution, manufacture | Madrid : |
| Name of producer, publisher, distributor, manufacturer | Paraninfo |
| Date of production, publication, distribution, manufacture, or copyright notice | 1988 |
| 300 ## - PHYSICAL DESCRIPTION | |
| Extent | 131 p. |
| Dimensions | 21 cm. |
| 505 ## - FORMATTED CONTENTS NOTE | |
| Formatted contents note | 1. Conceptos básicos de teleinformatica - 2. El nucleo de tratamiento: el ordenador y su periferia - 3. Los equipos terminales - 4. El medio de comunicación y su soporte - 5. Redes de transmisión de datos - 6. La interconexion entre sistemas informáticos y redes de transmisión - 7. Servicios públicos de transmisión de datos - 8. Redes de area local - 9. El futuro de la teleinformatica |
| 590 ## - LOCAL NOTE (RLIN) | |
| Local note | niveau_biblio:m niveau_hierar:0 |
| 700 1# - ADDED ENTRY--PERSONAL NAME | |
| Personal name | Cordero Molano, Felix |
| 856 41 - ELECTRONIC LOCATION AND ACCESS | |
| Uniform Resource Identifier | <a href="https://www.biblioeco.unsa.edu.ar/pmb/images/libros/15184.jpg">https://www.biblioeco.unsa.edu.ar/pmb/images/libros/15184.jpg</a> |
| Link text | Imagen de portada |
| Electronic format type | image/jpeg |
| 942 ## - ADDED ENTRY ELEMENTS (KOHA) | |
| Koha item type | |
| Withdrawn status | Lost status | Damaged status | Not for loan | Home library | Current library | Shelving location | Date acquired | Total checkouts | Full call number | Barcode | Date last seen | Price effective from | Koha item type |
|---|---|---|---|---|---|---|---|---|---|---|---|---|---|
| Biblioteca Prof. Eusebio Cleto del Rey | Biblioteca Prof. Eusebio Cleto del Rey | 07/04/2026 | 654 G146 | L118991 | 07/04/2026 | 07/04/2026 | Libro |